000 00961cam a2200301 a 4500
001 2085704
003 SISC
005 20160212091736.0
008 950105s1995 nyu 000 1 eng
010 _a 95001969
020 _a0451186346
040 _aDLC
_cDLC
_dDLC
043 _an-us-ny
050 0 0 _aPS 3552
_b.B875 1995
082 0 0 _aFIC
_bB62b 1995
100 1 _aBlock, Lawrence.
_918703
245 1 4 _aThe burglar who thought he was bogart :
_ba bernie rhodenbarr mystery
_cLawrence Block
260 _aNew York :
_bPenguin books,
_cc1995.
300 _a382 p. ;
_c18 cm.
562 _e1
650 0 _aFiction
_9746
651 0 _aNew York (N.Y.)
_vFiction.
_918714
655 7 _aDetective and mystery stories.
_2gsafd
_93472
906 _a7
_bcbc
_corignew
_d1
_eocip
_f19
_gy-gencatlg
942 _2lcc
_cBK
999 _c11043
_d11043